Finančné stimuly pre podnikanie invalidov

Daňové úľavy pre invalidov. Príspevky podľa zákona o zamestnanosti. Príspevok na zriadenie pracovného miesta. Príspevok na zriadenie a prevádzku chránenej dielne a chráneného pracoviska.

Gespeichert in:
Bibliographische Detailangaben
1. Verfasser: Burák, Emil
Format: Buchkapitel
Sprache:Slowakisch
Schlagworte:
Tags: Tag hinzufügen
Keine Tags, Fügen Sie das erste Tag hinzu!

MARC

LEADER 00000naa a2200000 4500
001 r040344
005 20230926084240.6
041 0 |a slo 
044 |a SK 
245 1 0 |a Finančné stimuly pre podnikanie invalidov  |c Emil Burák 
520 |a Daňové úľavy pre invalidov. Príspevky podľa zákona o zamestnanosti. Príspevok na zriadenie pracovného miesta. Príspevok na zriadenie a prevádzku chránenej dielne a chráneného pracoviska. 
610 2 0 |a úľavy daňové 
610 2 0 |a invalidi 
610 2 0 |a podnikanie 
610 2 0 |a stimulovanie hmotné 
610 2 0 |a miesta pracovné 
610 2 0 |a úrady práce 
610 2 0 |a pracovisko 
610 2 0 |a osoby so zníženou pracovnou schopnosťou 
100 1 |a Burák, Emil